| 000 | 00867nam a22001577a 4500 | ||
|---|---|---|---|
| 003 | SGT | ||
| 020 | _a9788120318120 | ||
| 082 | _a658.3 | ||
| 100 | _aKANDULA SRINIVAS, R | ||
| 245 | _aSTRATEGIC HUMAN RESOURCE DEVELOPMENT | ||
| 260 |
_aNEW DELHI _bPHI _c2014 |
||
| 300 | _a381 | ||
| 650 | _aMANAGEMENT | ||
| 653 | _a CHANGING ENVIRONMENT OF ORGANISATIONS. STRATIEGIC RESPONSES OF ORGANISATIONS TO CHANGING ENVIRONMENT. HRD: A STRATEGIC Perspective. Strategic HRD System Practices and Facilitators. Alignment between Strategic Responses of Organisations and SHRD System: Theory and Practice. Strategic Responses of Organisations and SHRD System in India~s Most Valuable Companies. Strategic Responses of Organisations and SHRD System: A Trilogy. Strategic Responses of Organisations and SHRD System: Blocks and Solutions. Annexures. References | ||
| 942 |
_2ddc _cFCM _05 |
||
| 999 |
_c8912 _d8912 |
||